| 000 | 01178nam a22003017a 4500 | ||
|---|---|---|---|
| 001 | 000552 | ||
| 003 | DO-SdBNP | ||
| 005 | 20220622110823.0 | ||
| 007 | 000552 | ||
| 008 | 161012b2008 sp a | 00| 0 spa d | ||
| 020 | _a9788478410859 (V. 1) | ||
| 020 | _a9788478410866 (V. 2) | ||
| 040 |
_aBPMSU _bspa _cBPMSU |
||
| 082 | 4 |
_a658 _bN964e 2009 _222 |
|
| 245 | 0 | 0 | _aLos nuevos empresarios |
| 260 |
_aBarcelona : _bOceáno, _c2009. |
||
| 300 |
_a2 v. : _bil., diagrs. ; _c26 cm. + _eCD-ROM |
||
| 504 | _aBibliografía: p. 1108-1109 | ||
| 505 |
_gv.1 _tEl liderazgo -- _tLa negociación -- _tEl plan de negocios -- _tLa administración de la empresa -- _tMarketing y promoción -- _gv. 2 _tLa organización del tiempo -- _tLa comunicación -- _tInformes y presentaciones -- _tEl correo electrónico -- _tLas llamadas telefónicas -- _tLas reuniones -- _tLa autoestima -- _tLa asertividad -- _tLas relaciones humanas. |
||
| 590 | _6Inventariado, 2022/VM | ||
| 650 | 4 | _aAdministración de empresas. | |
| 650 | 4 | _aEmpresarios industriales | |
| 650 | 4 | _aEjecutivos | |
| 650 | 4 | _aLiderazgo | |
| 710 | 2 | _aOCÉANO | |
| 910 | _aVMateo V./Validado. Control de calidad MFF | ||
| 942 |
_2ddc _cBK |
||
| 999 |
_c11557 _d11557 |
||